000 00847nam a2200241 a 4500
001 000012451
005 20200929163027.0
008 091112s1969 ve 001 f spa d
040 _aDO-SdBNP
_bspa
_cBNPHU
041 1 7 _aspa
_hfre
_2Código de idioma MARC
082 _a843.914
_bS594c
100 1 _aSimón, Claude,
_d1913-2005.
_929177
240 1 3 _aLe sacre du printemps
_lespañol
245 1 3 _aLa consagración de la primavera /
_cClaude Simón ; traductor, Julio E. Miranda, Roseline Paelinck.
260 _aCaracas :
_bMonte Ávila,
_c1969.
300 _a250 p. ;
_c20 cm.
534 _pTítulo original en francés:
_tLe sacre du printemps
650 4 _aNovela francesa
_91075
650 4 _aLiteratura francesa
_ySIGLO XX
_94232
700 1 _aMiranda, Julio E.,
_etr.
_929178
700 1 _aPaelinck, Roseline,
_dtr.
_929179
049 _aBNGR
999 _c12108
_d12108